000 01576nam a2200409 i 4500
001 ELB198630
003 FINmELB
005 20250326044005.0
006 m o u
007 cr cn|||||||||
008 220726s2021 mx ob 000 0 spa d
020 _z9786078732678
020 _a9786078732685
_q(e-book)
035 _a(OCoLC)1342052054
040 _aFINmELB
_bspa
_erda
_cFINmELB
050 1 4 _aPQ8180.17.A73
_bP261 2021
080 _a821.134.2(862)-31
082 0 4 _a863
_223
100 1 _aParrilla Sotomayor, Eduardo Enrique.
245 1 0 _aCien años de soledad :
_buna novela cósmica /
_cEduardo Enrique Parrilla Sotomayor.
264 1 _aCiudad de México :
_bEdiciones y Gráficos Eón,
_c2021.
300 _a1 recurso en línea (161 páginas)
336 _atexto
_btxt
_2rdamedia/spa
337 _acomputadora
_bc
_2rdamedia/spa
338 _arecurso en línea
_bcr
_2rdacarrier/spa
490 1 _aEnsayo
504 _aContiene bibliografía.
588 _aDescripción basada en metadatos suministrados por el editor y otras fuentes.
590 _aRecurso electrónico. Santa Fe, Arg.: elibro, 2022. Disponible vía World Wide Web. El acceso puede estar limitado para las bibliotecas afiliadas a elibro.
600 1 0 _aGarcía Márquez, Gabriel,
_d1927-2014.
_tCien años de soledad.
650 0 _aColombian fiction
_xHistory and criticism.
650 4 _aNovela colombiana
_xHistoria y crítica.
655 4 _aLibros electrónicos.
797 2 _aelibro, Corp.
830 0 _aEnsayo.
856 4 0 _uhttps://elibro.net/ereader/usam/198630
999 _c156446
_d156446